000 00330nam a2200121Ia 4500
005 20251223131554.0
008 251219s9999 xx 000 0 und d
041 _aeng
100 _aSharma G P
_9216068
245 _aMulla Nasarudin urf hhoja 72 rochak kisse
260 _bPustak mahal/ new dehli
_c2014
300 _a192
_bPaper Back
999 _c369604
_d369604